Animals Celebrating Mother's Day - Statistics

General Stats
  • This quiz has been taken 14 times
  • The average score is 13 of 14
Answer Stats
Picture Answer % Correct
Cheetah
100%
Chicken
100%
Cow
100%
Elephant
100%
Giraffe
100%
Horse
100%
Lion
100%
Polar Bear
100%
Tiger
100%
Zebra
100%
Meerkat
93%
Otter
93%
Rhino
93%
Tapir
57%
No matching quizzes found
Score Distribution
Percent of People with Each Score
Percentile by Number Answered
Your Score History
You have not taken this quiz